000 00620nam a2200193Ia 4500
003 GCL
008 140319s9999 xx 000 0 ara d
040 _aGCL /
_cGCL
082 0 4 _a658.403
_bا ا
100 1 _aالسيد عليوة
245 1 0 _aادارة الازمات والكوارث: حلول عملية - اساليب وقائية /
_cالسيد عليوة
300 _a231 ص
490 _aسلسلة دليل صنع القرار
_v0
650 0 4 _aادارة الاعمال
650 0 4 _aالادارة
650 0 4 _aادارة الازمات
650 0 4 _aاتخاذ القرارات
942 _2ddc
_cBK
999 _c50080
_d50080